Tous les pilotes vainqueurs en MotoGP (2002-) - Statistiques

Statistiques générales
  • Ce quiz a été pris 84 fois
    19 depuis la dernière actualisation
  • Le résultat moyen est 26 sur 37
Statistiques - réponses
Période d'activité Nationalités Victoires Pilotes % Correct
2019- France 11 Fabio Quartararo
100%
2009-2010 ; 2012-2025 Espagne 3 Aleix Espargaro
88%
2020- Espagne 4 Alex Marquez
88%
2008-2022 Italie 15 Andrea Dovizioso
88%
2020- Afrique du Sud 2 Brad Binder
88%
2007-2012 Australie 38 Casey Stoner
88%
2006-2018 ; 2021 ; 2023-2024 Espagne 31 Daniel Pedrosa
88%
2021- Italie 7 Enea Bastianini
88%
2022- Italie 1 Fabio Di Giannantonio
88%
2019- Italie 31 Francesco Bagnaia
88%
2018- Italie 3 Franco Morbidelli
88%
2015- Australie 4 Jack Miller
88%
2017- France 2 Johann Zarco
88%
2008-2019 Espagne 47 Jorge Lorenzo
88%
2021- Espagne 9 Jorge Martin
88%
2013- Espagne 73 Marc Marquez
88%
2022- Italie 9 Marco Bezzechi
88%
2015- Espagne 10 Maverick Vinales
88%
2019-2025 Portugal 5 Miguel Oliveira
88%
2003-2016 Etats-Unis 3 Nicky Hayden
88%
2000-2021 Italie 76 Valentino Rossi
88%
2017- Espagne 6 Alex Rins
75%
2013-2019 Italie 1 Andrea Iannone
63%
2025- Espagne 1 Fermin Aldeguer
63%
2019- Espagne 1 Joan Mir
63%
1995-1996 ; 2000-2011 Italie 7 Loris Capirossi
63%
1998-2005 Italie 5 Max Biaggi
63%
2022- Espagne 1 Raul Fernandez
63%
2005-2009 ; 2012 Australie 1 Chris Vermeulen
50%
2012-2023 Italie 2 Daniele Petrucci
50%
2003-2010 ; 2015 Italie 5 Marco Melandri
50%
1990-2005 ; 2007 Brésil 3 Alex Barros
38%
1997-2006 ; 2009 Espagne 8 Sete Gibernau
38%
2005-2009 ; 2011-2012 ; 2015 Espagne 1 Toni Elias
38%
2008-2013 Etats-Unis 1 Ben Spies
25%
2003-2007 Japon 2 Makoto Tamada
25%
2003-2006 Australie 1 Troy Bayliss
25%
Aucun quiz correspondant
Distribution des résultats
% des personnes avec chaque résultat
Percentile par nombre de réponses
Votre historique - résultats
Vous n’avez pas pris ce quiz depuis la dernière actualisation